| 000 | 00595nam a2200205Ia 4500 | ||
|---|---|---|---|
| 005 | 20250507130210.0 | ||
| 008 | 008 250505s9999 xx 000 0 eng d | ||
| 037 | _aSeries Article | ||
| 040 |
_aEASL _beng _cEASL |
||
| 041 |
_aeng _2eng |
||
| 084 | _qEASL | ||
| 100 |
_aYongyou Li _9668768 |
||
| 245 | 0 | _aVertical distribution of fical revenue and its effect on balancing economic growth | |
| 260 |
_aChina _bBeijing Routledge China _c2012 |
||
| 300 | _a127-147 | ||
| 650 | _aSocial Science | ||
| 700 |
_aYuping Shen _9668769 |
||
| 942 | _cSRA | ||
| 999 |
_c1318272 _d1318272 |
||